Dynamika skupiny a transakčná analýza ako potenciál pomoci skupine

Zákonitosti vývoja a fungovania skupín. Definovanie skupinovej dynamiky pomocou jej jednotlivých prvkov. Transakčná analýza ako potenciál pomoci vo fungovaní skupiny. Základný článok transakčnej analýzy sú roviny Ego stavov každého člena skupiny. Rozlišovanie Ego stavov. Techniky transakčnej analýzy...

Descrizione completa

Salvato in:
Dettagli Bibliografici
Autore principale: Soroková, Tatiana
Natura: Capitolo di libro
Lingua:slovacco
Soggetti:
Tags: Aggiungi Tag
Nessun Tag, puoi essere il primo ad aggiungerne!!

MARC

LEADER 00000naa a2200000 4500
001 0290903
005 20240417075224.9
041 0 |a slo 
044 |a SK 
245 1 0 |a Dynamika skupiny a transakčná analýza ako potenciál pomoci skupine  |c Tatiana Soroková 
520 |a Zákonitosti vývoja a fungovania skupín. Definovanie skupinovej dynamiky pomocou jej jednotlivých prvkov. Transakčná analýza ako potenciál pomoci vo fungovaní skupiny. Základný článok transakčnej analýzy sú roviny Ego stavov každého člena skupiny. Rozlišovanie Ego stavov. Techniky transakčnej analýzy. 
610 2 0 |a žiaci 
610 2 0 |a školy 
610 2 0 |a skupiny sociálne 
610 2 0 |a normy 
610 2 0 |a správanie 
610 2 0 |a analýzy 
100 1 |a Soroková, Tatiana